[Event "VIE-ch U13"]
[Site "Ho Chi Minh City"]
[Date "2014.07.18"]
[Round "9"]
[White "Ho, Phuoc Dinh"]
[Black "Nguyen Hoang Viet, Hai"]
[Result "0-1"]
[WhiteElo "1801"]
[BlackElo "1796"]
[PlyCount "56"]
[EventDate "2014.07.13"]
[EventType "swiss"]
[EventRounds "9"]
[EventCountry "VIE"]
[SourceTitle "EXT 2016"]
[Source "ChessBase"]
[SourceDate "2015.10.08"]
[SourceVersion "1"]
[SourceVersionDate "2015.10.08"]
[SourceQuality "1"]

1. e4 c6 2. Nf3 d5 3. exd5 cxd5 4. d4 Qc7 5. Bd3 Nc6 6. h3 g6 7. c3 Bf5 8. Bxf5 gxf5 9. Qb3 e6 10. 0-0 Nf6 11. Re1 Be7 12. Bg5 Ne4 13. Bxe7 Nxe7 14. Nbd2 Ng6 15. Nxe4 fxe4 16. Nh2 f5 17. Qb5+ Kf7 18. f3 Rag8 19. fxe4 Nh4 20. Re2 dxe4 21. Rf1 h5 22. Qe5 Qxe5 23. dxe5 Ke7 24. Rd1 Ng6 25. g4 hxg4 26. hxg4 Nxe5 27. Kf1 Nxg4 28. Nxg4 Rh1+ 0-1

[Event "VIE-ch U13"]
[Site "Ho Chi Minh City"]
[Date "2014.07.17"]
[Round "7"]
[White "Ho, Phuoc Dinh"]
[Black "Huynh, Trung Quoc Thai"]
[Result "1/2-1/2"]
[WhiteElo "1801"]
[BlackElo "1765"]
[PlyCount "65"]
[EventDate "2014.07.13"]
[EventType "swiss"]
[EventRounds "9"]
[EventCountry "VIE"]
[SourceTitle "EXT 2016"]
[Source "ChessBase"]
[SourceDate "2015.10.08"]
[SourceVersion "1"]
[SourceVersionDate "2015.10.08"]
[SourceQuality "1"]

1. e4 e5 2. Nf3 Nc6 3. Bc4 Bc5 4. d3 h6 5. 0-0 Nf6 6. Be3 Bb6 7. c3 0-0 8. Nbd2 d6 9. Bxb6 axb6 10. Qc2 Be6 11. Rfe1 Nh7 12. d4 Bxc4 13. Nxc4 exd4 14. Nxd4 Nxd4 15. cxd4 d5 16. exd5 Qxd5 17. Re7 Qxd4 18. Ne3 Rac8 19. Rd1 Qb4 20. Rxc7 Rxc7 21. Qxc7 Qxb2 22. Qxb7 Qxa2 23. Qxb6 Qa4 24. Qd6 Nf6 25. Nf5 Kh7 26. Rd4 Qa5 27. h3 Re8 28. Qf4 Re1+ 29. Kh2 Qe5 30. Nd6 Qxf4+ 31. Rxf4 Re7 32. f3 Rd7 33. Nc4 1/2-1/2

[Event "VIE-ch U13"]
[Site "Ho Chi Minh City"]
[Date "2014.07.14"]
[Round "3"]
[White "Ho, Phuoc Dinh"]
[Black "Phan, Dang Khoi"]
[Result "0-1"]
[WhiteElo "1801"]
[BlackElo "1781"]
[PlyCount "66"]
[EventDate "2014.07.13"]
[EventType "swiss"]
[EventRounds "9"]
[EventCountry "VIE"]
[SourceTitle "EXT 2016"]
[Source "ChessBase"]
[SourceDate "2015.10.08"]
[SourceVersion "1"]
[SourceVersionDate "2015.10.08"]
[SourceQuality "1"]

1. e4 c5 2. Nf3 d6 3. d4 cxd4 4. Nxd4 Nf6 5. Nc3 a6 6. Be3 b5 7. a3 Bb7 8. f3 e6 9. Qd2 Nbd7 10. Be2 Be7 11. 0-0 0-0 12. Rad1 Nb6 13. Bd3 Rc8 14. g4 Nc4 15. Bxc4 Rxc4 16. Qf2 Nd7 17. Nb3 Rc8 18. Rd3 Ne5 19. Rd2 Nc4 20. Re2 Nxb2 21. Na2 Nc4 22. Bc1 d5 23. exd5 Bxd5 24. Nb4 Bb7 25. Kg2 a5 26. Nd3 Bxa3 27. Bxa3 Nxa3 28. Rd1 Qc7 29. Ndc5 Bd5 30. Na6 Qc4 31. Ra1 Nxc2 32. Nxa5 Qc3 33. Ra2 Bxa2 0-1